[Event "PHI-ch (Women)"]
[Site "Malolos City"]
[Date "2024.03.24"]
[Round "11"]
[White "Sebastian, Mhage Gerriahlou"]
[Black "San Diego, Marie Antoinette"]
[Result "1/2-1/2"]
[WhiteElo "1839"]
[BlackElo "2060"]
[PlyCount "70"]
[EventDate "2024.03.17"]
[EventType "tourn"]
[EventRounds "11"]
[EventCountry "PHI"]
[SourceTitle "CB13_2024"]
[SourceDate "2024.03.27"]
[SourceVersion "1"]
[SourceVersionDate "2024.03.27"]
[SourceQuality "1"]

1. d4 d5 2. Nf3 Nf6 3. c4 e6 4. Nc3 c6 5. cxd5 exd5 6. Bg5 h6 7. Bh4 Be7 8. e3 0-0 9. Qc2 Re8 10. Bd3 Ne4 11. Bxe7 Qxe7 12. 0-0 Bf5 13. Rae1 Nd7 14. Nd2 Nxd2 15. Qxd2 Bxd3 16. Qxd3 Nf6 17. f3 Rad8 18. a3 c5 19. Re2 c4 20. Qd2 Qd7 21. Rd1 Qc6 22. Qe1 b5 23. e4 dxe4 24. fxe4 Qb6 25. Qd2 a5 26. e5 Nd5 27. Kh1 b4 28. axb4 axb4 29. Ne4 Re7 30. Rf2 c3 31. bxc3 Nxc3 32. Nxc3 bxc3 33. Qxc3 Rxe5 34. Qf3 Rxd4 35. Qxf7+ Kh7 1/2-1/2

[Event "PHI-ch (Women)"]
[Site "Malolos City"]
[Date "2024.03.23"]
[Round "10"]
[White "San Diego, Marie Antoinette"]
[Black "Mendoza, Shania Mae"]
[Result "1/2-1/2"]
[WhiteElo "2060"]
[BlackElo "2019"]
[PlyCount "60"]
[EventDate "2024.03.17"]
[EventType "tourn"]
[EventRounds "11"]
[EventCountry "PHI"]
[SourceTitle "CB13_2024"]
[SourceDate "2024.03.27"]
[SourceVersion "1"]
[SourceVersionDate "2024.03.27"]
[SourceQuality "1"]

1. d4 Nf6 2. Nf3 g6 3. c4 Bg7 4. Nc3 d5 5. Bf4 c6 6. e3 0-0 7. h3 Qb6 8. Qb3 Nbd7 9. cxd5 Nxd5 10. Nxd5 cxd5 11. Bd3 Qa5+ 12. Ke2 Re8 13. Rhc1 e5 14. Nxe5 Nxe5 15. Bxe5 Bxe5 16. dxe5 Rxe5 17. Qc3 Qxc3 18. Rxc3 d4 19. Rc7 dxe3 20. f4 Re8 21. Bb5 Rd8 22. Kxe3 Be6 23. Bc4 Bxc4 24. Rxc4 Rd7 25. Re4 Rad8 26. Re1 Rd2 27. Re2 R8d3+ 28. Kf2 Rd7 29. Rxd2 Rxd2+ 30. Re2 Rd7 1/2-1/2

[Event "PHI-ch"]
[Site "Marikina City"]
[Date "2024.01.04"]
[Round "9"]
[White "San Diego, Marie Antoinette"]
[Black "Lim, Samson Chiu Chin II"]
[Result "0-1"]
[WhiteElo "2081"]
[BlackElo "2116"]
[PlyCount "146"]
[EventDate "2023.12.27"]
[EventType "tourn"]
[EventRounds "13"]
[EventCountry "PHI"]
[SourceTitle "CB02_2024"]
[SourceDate "2024.01.10"]
[SourceVersion "1"]
[SourceVersionDate "2024.01.10"]
[SourceQuality "1"]

1. d4 Nf6 2. Nf3 e6 3. e3 b6 4. Bd3 Bb7 5. Nbd2 d6 6. b3 g6 7. Bb2 Bg7 8. 0-0 0-0 9. Qe2 Nbd7 10. c4 Qe7 11. Rfe1 e5 12. dxe5 dxe5 13. e4 Rfd8 14. Bc2 a5 15. a3 Nh5 16. g3 Nc5 17. Rad1 Ne6 18. Nb1 Nd4 19. Nxd4 exd4 20. e5 c5 21. Be4 Re8 22. f4 f6 23. Qg2 Bxe4 24. Rxe4 fxe5 25. a4 Qb7 26. Rde1 Nf6 27. Rxe5 Qxg2+ 28. Kxg2 Rxe5 29. Rxe5 Ng4 30. Re4 Ne3+ 31. Kf3 Nd1 32. Bc1 Nc3 33. Nxc3 dxc3 34. Ke2 Rd8 35. Re3 Bd4 36. Re4 Bg1 37. h3 Kf7 38. g4 Rd7 39. Be3 Bh2 40. Bc1 Bg1 41. Be3 c2 42. Bd2 Bf2 43. f5 Bg3 44. fxg6+ hxg6 45. g5 Bc7 46. Rg4 Be5 47. Rg1 Ke6 48. Be3 Bb2 49. Bc1 Rd1 50. Rxd1 cxd1Q+ 51. Kxd1 Bxc1 52. Kxc1 Kf5 53. Kd2 Kxg5 54. Ke3 Kh4 55. Ke4 Kxh3 56. Kd5 g5 57. Kc6 g4 58. Kxb6 g3 59. Kxa5 g2 60. Kb6 g1Q 61. a5 Qg3 62. a6 Qb8+ 63. Kxc5 Kg4 64. b4 Kf5 65. b5 Ke6 66. b6 Qc8+ 67. Kb5 Kd6 68. a7 Qc5+ 69. Ka6 Qxc4+ 70. Kb7 Qc6+ 71. Kb8 Qxb6+ 72. Ka8 Qd8+ 73. Kb7 Qc7+ 0-1

[Event "PHI-ch"]
[Site "Marikina City"]
[Date "2023.12.28"]
[Round "2"]
[White "Velarde, Jerish John"]
[Black "San Diego, Marie Antoinette"]
[Result "1-0"]
[WhiteElo "1778"]
[BlackElo "2081"]
[PlyCount "75"]
[EventDate "2023.12.27"]
[EventType "tourn"]
[EventRounds "13"]
[EventCountry "PHI"]
[SourceTitle "CB02_2024"]
[SourceDate "2024.01.10"]
[SourceVersion "1"]
[SourceVersionDate "2024.01.10"]
[SourceQuality "1"]

1. d4 d5 2. c4 e6 3. Nc3 c6 4. e4 dxe4 5. Nxe4 Bb4+ 6. Bd2 Bxd2+ 7. Qxd2 Nf6 8. Nxf6+ Qxf6 9. Nf3 Nd7 10. 0-0-0 0-0 11. Qe3 Re8 12. Bd3 Nf8 13. Ne5 Qe7 14. c5 f6 15. Nc4 Rd8 16. Qg3 b6 17. Nd6 bxc5 18. dxc5 e5 19. f4 e4 20. Nxe4 Rd5 21. Rhe1 Be6 22. Bc2 Rxd1+ 23. Rxd1 Bd5 24. Nd6 Rb8 25. Re1 Qc7 26. f5 a5 27. a3 Rd8 28. Bb3 Qa7 29. Qe3 Kh8 30. Kb1 Qd7 31. Qd3 g6 32. Qd4 Kg7 33. Bxd5 cxd5 34. Qxd5 g5 35. c6 Qxd6 36. Qxd6 Rxd6 37. c7 Rc6 38. Rc1 1-0

[Event "Asian Games tt (Women)"]
[Site "Hangzhou"]
[Date "2023.09.29"]
[Round "1.6"]
[White "Vaishali, Ramesh Babu"]
[Black "San Diego, Marie Antoinette"]
[Result "1-0"]
[WhiteElo "2448"]
[BlackElo "2156"]
[PlyCount "59"]
[EventDate "2023.09.29"]
[EventType "team-tourn"]
[EventRounds "9"]
[EventCountry "CHN"]
[SourceTitle "EXT 2024"]
[Source "ChessBase"]
[SourceDate "2023.10.10"]
[SourceVersion "1"]
[SourceVersionDate "2023.10.10"]
[SourceQuality "1"]
[WhiteTeam "India (W)"]
[BlackTeam "Philippines (W)"]
[WhiteTeamCountry "IND"]
[BlackTeamCountry "PHI"]

1. e4 c5 2. Nf3 Nc6 3. Bb5 g6 4. Bxc6 dxc6 5. d3 Bg7 6. 0-0 e5 7. a4 Bg4 8. Nbd2 Qe7 9. Nc4 Bxf3 10. Qxf3 Nf6 11. Qh3 Nd7 12. f4 0-0 13. f5 Rfe8 14. Bd2 b6 15. Rf2 f6 16. Qg4 Nf8 17. h4 Rad8 18. b3 Qf7 19. Raf1 h6 20. fxg6 Qxg6 21. Qh3 Ne6 22. h5 Qh7 23. Rxf6 Bxf6 24. Rxf6 Ng5 25. Qg3 Kh8 26. Nxe5 Qg7 27. Bxg5 hxg5 28. Nf7+ Kg8 29. Rg6 Kxf7 30. Qc7+ 1-0

[Event "Asian Games (Women)"]
[Site "Hangzhou"]
[Date "2023.09.26"]
[Round "5"]
[White "Rouda Essa, Alserkal"]
[Black "San Diego, Marie Antoinette"]
[Result "1-0"]
[WhiteElo "1912"]
[BlackElo "2156"]
[PlyCount "41"]
[EventDate "2023.09.24"]
[EventType "swiss (rapid)"]
[EventRounds "9"]
[EventCountry "CHN"]
[SourceTitle "EXT 2024"]
[Source "ChessBase"]
[SourceDate "2023.10.10"]
[SourceVersion "1"]
[SourceVersionDate "2023.10.10"]
[SourceQuality "1"]

1. e4 c5 2. Nf3 d6 3. d4 cxd4 4. Nxd4 Nf6 5. Nc3 a6 6. Bg5 Nbd7 7. Bd3 Qc7 8. f4 h6 9. Bh4 b5 10. Qf3 Bb7 11. 0-0-0 e6 12. Rhe1 Be7 13. Qh3 g5 14. Bxg5 b4 15. Na4 Qa5 16. b3 Nc5 17. e5 Nxd3+ 18. Rxd3 Nd5 19. exd6 Bxg5 20. Nxe6 Kd7 21. Nec5+ 1-0

[Event "PHI-ch"]
[Site "Malolos"]
[Date "2023.02.03"]
[Round "4"]
[White "San Diego, Marie Antoinette"]
[Black "Bersamina, Paulo"]
[Result "0-1"]
[WhiteElo "2157"]
[BlackElo "2427"]
[PlyCount "80"]
[EventDate "2023.02.01"]
[EventType "tourn"]
[EventRounds "9"]
[EventCountry "PHI"]
[EventCategory "5"]
[SourceTitle "CBM 212 Extra"]
[Source "ChessBase"]
[SourceDate "2023.03.31"]
[SourceVersion "1"]
[SourceVersionDate "2023.03.31"]
[SourceQuality "1"]

1. d4 Nf6 2. Nf3 e6 3. Bf4 d5 4. e3 Bd6 5. Bg3 0-0 6. Nbd2 c5 7. c3 Qc7 8. Bxd6 Qxd6 9. Ne5 b6 10. Bd3 Ba6 11. Bxa6 Nxa6 12. 0-0 Nb8 13. f4 Nfd7 14. Qe2 f6 15. Nxd7 Nxd7 16. Rad1 Rfe8 17. Qd3 c4 18. Qc2 f5 19. b3 cxb3 20. axb3 b5 21. c4 dxc4 22. bxc4 bxc4 23. Nxc4 Qd5 24. e4 fxe4 25. Ne3 Qb7 26. Rb1 Nb6 27. Rb5 Rac8 28. Qb3 Qd7 29. Rd1 Rc3 30. Qxc3 Qxb5 31. Qc2 Nd5 32. Nxd5 exd5 33. Rb1 Qd7 34. h3 h6 35. Qa2 Kh7 36. Qa6 Qf7 37. g3 Qf5 38. Qb5 Rc8 39. Qf1 Rc3 40. g4 Qf6 0-1

[Event "Olympiad Women-44"]
[Site "Chennai"]
[Date "2022.07.30"]
[Round "2.4"]
[White "Granados Ortiz, Maria Jose"]
[Black "San Diego, Marie Antoinette"]
[Result "1-0"]
[WhiteElo "1753"]
[BlackElo "2101"]
[PlyCount "55"]
[EventDate "2022.07.29"]
[EventType "team-swiss"]
[EventRounds "11"]
[EventCountry "IND"]
[SourceTitle "CBM 210"]
[Source "ChessBase"]
[SourceDate "2022.10.31"]
[SourceVersion "1"]
[SourceVersionDate "2022.10.31"]
[SourceQuality "1"]
[WhiteTeam "Nicaragua (W)"]
[BlackTeam "Philippines (W)"]
[WhiteTeamCountry "NCA"]
[BlackTeamCountry "PHI"]

1. e4 d6 2. d4 Nf6 3. Nc3 g6 4. Be3 Bg7 5. Qd2 0-0 6. 0-0-0 a6 7. f3 Re8 8. Bh6 Bh8 9. g4 b5 10. h4 b4 11. Nce2 c5 12. h5 Qa5 13. Kb1 Nc6 14. hxg6 fxg6 15. d5 Ne5 16. Nf4 Nf7 17. g5 Nd7 18. Qh2 Nde5 19. Ne6 Bxe6 20. dxe6 Nd8 21. f4 Nec6 22. f5 Be5 23. Qh4 Nd4 24. Bg7 Bxg7 25. Qxh7+ Kf8 26. Qxg6 Qa4 27. Rxd4 cxd4 28. Rh7 1-0

[Event "SEA Rapid (Women) 31st"]
[Site "Ha Long"]
[Date "2022.05.16"]
[Round "2.1"]
[White "San Diego, Marie Antoinette"]
[Black "Gong, Qianyun"]
[Result "1-0"]
[WhiteElo "2075"]
[BlackElo "2348"]
[PlyCount "83"]
[EventDate "2022.05.16"]
[EventType "swiss (rapid)"]
[EventRounds "5"]
[EventCountry "VIE"]
[SourceTitle "CBM 208 Extra"]
[Source "ChessBase"]
[SourceDate "2022.07.31"]
[SourceVersion "1"]
[SourceVersionDate "2022.07.31"]
[SourceQuality "1"]

1. d4 Nf6 2. Nf3 g6 3. Bf4 Bg7 4. Nc3 d5 5. e3 0-0 6. h3 a6 7. Be2 c5 8. 0-0 Nc6 9. dxc5 Qa5 10. Nd4 Qxc5 11. Nxc6 bxc6 12. Bc7 Nd7 13. Na4 Qa7 14. Bg3 Bb7 15. c4 Nb6 16. Nxb6 Qxb6 17. Rb1 dxc4 18. Bxc4 c5 19. Qc2 Rad8 20. b3 h5 21. Rfd1 Qc6 22. Bf1 Rc8 23. Rbc1 Qf6 24. Qc4 e6 25. Bd6 Rfd8 26. Bxc5 Rxd1 27. Rxd1 Bf8 28. b4 a5 29. a3 axb4 30. axb4 Qg5 31. Qb5 Bf3 32. Rc1 Bd5 33. Be7 Bxe7 34. Rxc8+ Kg7 35. Qe8 Kf6 36. Qh8+ Kf5 37. Bd3+ Be4 38. Bxe4+ Kxe4 39. Qd4+ Kf5 40. e4+ Kf4 41. Qe3+ Ke5 42. Rc5+ 1-0

[Event "Asian Online (Women)"]
[Site "Tornelo INT"]
[Date "2021.08.25"]
[Round "7"]
[White "Priyanka, K."]
[Black "San Diego, Marie Antoinette"]
[Result "1/2-1/2"]
[WhiteElo "2218"]
[BlackElo "2080"]
[PlyCount "123"]
[EventDate "2021.08.23"]
[EventType "swiss (rapid)"]
[EventRounds "9"]
[EventCountry "NET"]
[SourceTitle "CBM 204 Extra"]
[Source "ChessBase"]
[SourceDate "2021.11.30"]
[SourceVersion "1"]
[SourceVersionDate "2021.11.30"]
[SourceQuality "1"]

1. e4 c5 2. Nf3 g6 3. d4 cxd4 4. Nxd4 Bg7 5. Nc3 Nc6 6. Be3 Nf6 7. Bc4 0-0 8. Bb3 a5 9. 0-0 a4 10. Nxa4 Nxe4 11. Nb5 Ra6 12. Qd3 d5 13. Rad1 e6 14. c4 Ne5 15. Qc2 Qh4 16. f3 dxc4 17. Bxc4 Nf6 18. Rd4 Qh5 19. Be2 Nc6 20. Rd6 Nd5 21. Bf2 Nf4 22. Nac3 Be5 23. g3 Nh3+ 24. Kg2 Bxd6 25. Nxd6 Nxf2 26. Bxa6 bxa6 27. Qxf2 e5 28. Nxc8 Rxc8 29. Nd5 Qg5 30. h4 Qd8 31. Nc3 Nd4 32. Re1 Qa5 33. h5 Kg7 34. Qe3 Re8 35. h6+ Kf8 36. Qg5 Re6 37. Re4 f6 38. Qe3 Kf7 39. f4 Nf5 40. Qe2 Qc5 41. fxe5 Rxe5 42. Rxe5 Qxe5 43. Qxe5 fxe5 44. Ne4 Nxh6 45. Nc5 a5 46. Nb7 Ke6 47. Nxa5 Kd5 48. b4 Nf5 49. b5 Kc5 50. a4 e4 51. Nc6 h5 52. Kf2 g5 53. Ne5 h4 54. gxh4 gxh4 55. Ng6 h3 56. Nf4 e3+ 57. Kf3 h2 58. Kg2 Nd4 59. Kxh2 Nxb5 60. axb5 Kxb5 61. Kg2 e2 62. Nxe2 1/2-1/2

[Event "Asian Online (Women)"]
[Site "Tornelo INT"]
[Date "2021.08.24"]
[Round "5"]
[White "Srija, Seshadri"]
[Black "San Diego, Marie Antoinette"]
[Result "1-0"]
[WhiteElo "2219"]
[BlackElo "2080"]
[PlyCount "95"]
[EventDate "2021.08.23"]
[EventType "swiss (rapid)"]
[EventRounds "9"]
[EventCountry "NET"]
[SourceTitle "CBM 204 Extra"]
[Source "ChessBase"]
[SourceDate "2021.11.30"]
[SourceVersion "1"]
[SourceVersionDate "2021.11.30"]
[SourceQuality "1"]

1. e4 c5 2. Nf3 g6 3. d4 cxd4 4. Nxd4 Bg7 5. c4 Nc6 6. Be3 Qb6 7. Nb3 Qc7 8. Qd2 Nf6 9. Nc3 d6 10. f3 Be6 11. Rc1 0-0 12. Nd5 Qd7 13. Be2 h5 14. 0-0 Rac8 15. h3 b6 16. Nd4 Nxd4 17. Bxd4 Bxd5 18. exd5 Kh7 19. Rcd1 Rfe8 20. Qg5 Ng8 21. Bxg7 Kxg7 22. f4 Qf5 23. Qxf5 gxf5 24. b3 Nf6 25. Bd3 e6 26. Bb1 Rcd8 27. Rf3 h4 28. Kf2 Ne4+ 29. Bxe4 fxe4 30. Re3 f5 31. g4 Kf6 32. dxe6 Rxe6 33. Rd5 fxg4 34. hxg4 Rh8 35. g5+ Ke7 36. f5 h3 37. Kg1 Re5 38. Rxe5+ dxe5 39. Rxe4 Rh5 40. Rxe5+ Kf7 41. f6 Kg6 42. Kh2 a5 43. a3 Kf7 44. Re7+ Kf8 45. g6 Rg5 46. g7+ Kg8 47. Re8+ Kf7 48. Rf8+ 1-0

[Event "Asian Online (Women)"]
[Site "Tornelo INT"]
[Date "2021.08.23"]
[Round "1"]
[White "Sukandar, Irine Kharisma"]
[Black "San Diego, Marie Antoinette"]
[Result "1/2-1/2"]
[WhiteElo "2413"]
[BlackElo "2080"]
[PlyCount "81"]
[EventDate "2021.08.23"]
[EventType "swiss (rapid)"]
[EventRounds "9"]
[EventCountry "NET"]
[SourceTitle "CBM 204 Extra"]
[Source "ChessBase"]
[SourceDate "2021.11.30"]
[SourceVersion "1"]
[SourceVersionDate "2021.11.30"]
[SourceQuality "1"]

1. d4 d5 2. Bf4 Nf6 3. e3 c5 4. c3 Nc6 5. Nd2 Bf5 6. Ngf3 Qb6 7. Nh4 Bd7 8. Qb3 c4 9. Qc2 g6 10. h3 Bg7 11. g4 0-0 12. Nhf3 Rfc8 13. Bg2 Qd8 14. Ne5 e6 15. e4 Nxe5 16. Bxe5 Nxe4 17. Nxe4 dxe4 18. Bxg7 Kxg7 19. Bxe4 Bc6 20. 0-0-0 Qa5 21. Bxc6 Rxc6 22. Kb1 Ra6 23. a3 Rb6 24. Kc1 Rd8 25. Qe2 Qa4 26. d5 exd5 27. Qe5+ Kg8 28. Rxd5 Re8 29. Ra5 Qc6 30. Qd5 Re2 31. Qxc6 bxc6 32. b4 cxb3 33. Rxa7 Rc2+ 34. Kb1 Rxc3 35. Rc1 Rf3 36. Rc7 Rxf2 37. R1xc6 Rb5 38. Rc5 Rb6 39. R5c6 Rb5 40. Rc5 Rb6 41. R5c6 1/2-1/2